<?xml version="1.0" encoding="UTF-8"?><?xml-stylesheet type="text/xsl" href="static/style.xsl"?><OAI-PMH xmlns="http://www.openarchives.org/OAI/2.0/" xmlns:xsi="http://www.w3.org/2001/XMLSchema-instance" xsi:schemaLocation="http://www.openarchives.org/OAI/2.0/ http://www.openarchives.org/OAI/2.0/OAI-PMH.xsd"><responseDate>2026-04-30T00:42:39Z</responseDate><request verb="GetRecord" identifier="oai:uvadoc.uva.es:10324/24629" metadataPrefix="marc">https://uvadoc.uva.es/oai/request</request><GetRecord><record><header><identifier>oai:uvadoc.uva.es:10324/24629</identifier><datestamp>2021-06-29T17:10:00Z</datestamp><setSpec>com_10324_38</setSpec><setSpec>col_10324_852</setSpec></header><metadata><record xmlns="http://www.loc.gov/MARC21/slim" xmlns:doc="http://www.lyncode.com/xoai" xmlns:xsi="http://www.w3.org/2001/XMLSchema-instance" xmlns:dcterms="http://purl.org/dc/terms/" xsi:schemaLocation="http://www.loc.gov/MARC21/slim http://www.loc.gov/standards/marcxml/schema/MARC21slim.xsd">
<leader>00925njm 22002777a 4500</leader>
<datafield tag="042" ind1=" " ind2=" ">
<subfield code="a">dc</subfield>
</datafield>
<datafield tag="720" ind1=" " ind2=" ">
<subfield code="a">García Torres, Yesica</subfield>
<subfield code="e">author</subfield>
</datafield>
<datafield tag="260" ind1=" " ind2=" ">
<subfield code="c">2017</subfield>
</datafield>
<datafield tag="520" ind1=" " ind2=" ">
<subfield code="a">El fin de esta investigación consiste en analizar la renovación pedagógica acontecida en España durante el primer tercio del siglo XX, empleando como origen principal de información los viajes de dos maestros y una maestra segoviana. Se trata de una investigación histórico-educativa, afrontada desde un análisis documental. La originalidad y la relevancia de esta propuesta radican en el estudio de los viajes de estos maestros desde una perspectiva educativa y su correspondiente análisis. Por tanto, en las memorias de los viajes de estos docentes segovianos se ve reflejada la riqueza pedagógica que ha hecho que hoy en día tengamos la educación que tenemos.</subfield>
</datafield>
<datafield tag="024" ind2=" " ind1="8">
<subfield code="a">http://uvadoc.uva.es/handle/10324/24629</subfield>
</datafield>
<datafield ind1=" " ind2=" " tag="653">
<subfield code="a">Docentes-Formación continuada-España-Segovia</subfield>
</datafield>
<datafield ind1=" " ind2=" " tag="653">
<subfield code="a">Pedagogía-España-Historia</subfield>
</datafield>
<datafield tag="245" ind1="0" ind2="0">
<subfield code="a">Viajes pedagógicos de maestros segovianos durante el primer tercio del siglo XX</subfield>
</datafield>
</record></metadata></record></GetRecord></OAI-PMH>